Central Library OPAC University of Rajshahi

Key to Carter's Advanced accounts / (Record no. 73701)

MARC details
000 -LEADER
fixed length control field 00738nam a2200241 a 4500
001 - CONTROL NUMBER
control field 73701
003 - CONTROL NUMBER IDENTIFIER
rucl marc code BD-RjUL
005 - DATE AND TIME OF LATEST TRANSACTION
control field 20211209082432.0
008 - FIXED-LENGTH DATA ELEMENTS--GENERAL INFORMATION
fixed length control field 170607s1967 enka 000 0 und d
035 ## - SYSTEM CONTROL NUMBER
System control number (BD-RjUL)73919
040 ## - CATALOGING SOURCE
Original cataloging agency EQO
Transcribing agency EQO
Language of cataloging eng
Modifying agency BD-RjUL
041 ## - LANGUAGE CODE
Language code of text/sound track or separate title eng
082 ## - DEWEY DECIMAL CLASSIFICATION NUMBER
Edition number 23
Classification number 657
Author mark and year KEY 1967
100 1# - MAIN ENTRY--PERSONAL NAME
Personal name Garbutt, Douglas
9 (RLIN) 218159
245 10 - TITLE STATEMENT
Title Key to Carter's Advanced accounts /
Statement of responsibility, etc. Douglas Garbutt
250 ## - EDITION STATEMENT
Edition statement 5th ed.
260 ## - PUBLICATION, DISTRIBUTION, ETC. (IMPRINT)
Place of publication, distribution, etc. London :
Name of publisher, distributor, etc. Pitman,
Date of publication, distribution, etc. c1963 [reprinting 1967]
300 ## - PHYSICAL DESCRIPTION
Pagination vii, 753 p. :
Illustrations ill. ;
Size 20 cm.
500 ## - GENERAL NOTE
General note the fully-worked answers to the exercises in the 5th ed. of Carter's advanced accounts
650 ## - SUBJECT ADDED ENTRY--TOPICAL TERM
Topical term or geographic name as entry element Accounting.
9 (RLIN) 218160
700 1# - ADDED ENTRY--PERSONAL NAME
Personal name Garbutt, D.
942 ## - ADDED ENTRY ELEMENTS (KOHA)
Source of classification or shelving scheme Dewey Decimal Classification
Koha item type Books
Holdings
Lost status Source of classification or shelving scheme Damaged status Not for loan Collection code Permanent Location Current Location Shelving location Date acquired Source of acquisition Cost, normal purchase price Total Checkouts Full call number Date last seen Copy number Koha item type
  Dewey Decimal Classification   Not For Loan Non-fiction Central Library, University of Rajshahi Central Library, University of Rajshahi Reading Room 23/05/1968 Zeitlinger 30.00   657 KEY 1967 07/06/2017 C-1 Books
  Dewey Decimal Classification     Non-fiction Central Library, University of Rajshahi Central Library, University of Rajshahi   23/05/1968 Zeitlinger 30.00   657 KEY 1967 07/06/2017 C-2 Books
  Dewey Decimal Classification     Non-fiction Central Library, University of Rajshahi Central Library, University of Rajshahi   23/05/1968 Zeitlinger 30.00   657 KEY 1967 07/06/2017 C-3 Books
  Dewey Decimal Classification     Non-fiction Central Library, University of Rajshahi Central Library, University of Rajshahi   23/05/1968 Zeitlinger 30.00   657 KEY 1967 07/06/2017 C-4 Books